[Event "1. Bundesliga 2017/2018"]
[Site "Maria Enzersdorf"]
[Date "2017.11.16"]
[Round "1"]
[Board "6"]
[White "Klek, Hanna Marie"]
[Black "Hoelzl, Franz"]
[Result "1-0"]
[WhiteElo "2327"]
[BlackElo "2313"]
[PlyCount "137"]
[EventDate "2017.11.16"]
[EventType "team"]
[EventRounds "11"]
[EventCountry "AUT"]
[WhiteTeam "SIR Royal Salzburg"]
[BlackTeam "SV Pillenkoenig St. Veit"]

1.e4 c5 2.Nf3 d6 3.Bb5+ Bd7 4.Bxd7+ Nxd7 5.O-O e6 6.Qe2 Be7 7.b3 Bf6 8.c3 Ne7 9.d4
cxd4 10.cxd4 Nc6 11.Bb2 O-O 12.Na3 d5 13.e5 Be7 14.Nc2 a5 15.Nfe1 Qb6 16.f4 a4 17.Rf3
Rfe8 18.Kh1 Bf8 19.Rh3 g6 20.Qf2 axb3 21.Rxb3 Qa6 22.Ba3 Bg7 23.g4 f6 24.Ng2 fxe5
25.fxe5 Ndxe5 26.dxe5 Nxe5 27.Qg3 Rac8 28.Nb4 Qe2 29.Re1 Qxg4 30.Qxg4 Nxg4 31.Nd3
Rc3 32.Rxc3 Bxc3 33.Rc1 d4 34.h3 Nf6 35.Bd6 Ne4 36.Be5 Nd2 37.Ngf4 Nf3 38.Ne2 Nxe5
39.Nxe5 Ra8 40.Nxc3 dxc3 41.Rxc3 Rxa2 42.Rc7 b5 43.Rb7 Rb2 44.Nc6 h5 45.Nd4 e5 46.Rxb5
Rxb5 47.Nxb5 Kg7 48.Kg2 Kf6 49.Kf3 Kg5 50.Kg3 Kf5 51.Nd6+ Ke6 52.Ne4 Kf5 53.Kf3 Ke6
54.Ng3 Kd5 55.Ke3 Ke6 56.Ne4 Kf5 57.Nd2 Kg5 58.Nf3+ Kf5 59.Ne1 g5 60.Ng2 h4 61.Kf3
e4+ 62.Kf2 Ke5 63.Ne3 Kf4 64.Ng4 e3+ 65.Nxe3 Ke4 66.Ng2 g4 67.hxg4 h3 68.Ne3 Kf4 69.Kg1  1-0

[Event "1. Bundesliga 2017/2018"]
[Site "Maria Enzersdorf"]
[Date "2017.11.16"]
[Round "1"]
[Board "1"]
[White "Schneider, Ilja"]
[Black "Sutovsky, Emil"]
[Result "1/2-1/2"]
[WhiteElo "2513"]
[BlackElo "2644"]
[PlyCount "106"]
[EventDate "2017.11.16"]
[EventType "team"]
[EventRounds "11"]
[EventCountry "AUT"]
[WhiteTeam "ASVOE Wulkaprodersdorf"]
[BlackTeam "Schachklub Absam"]

1.e4 c5 2.c3 d5 3.exd5 Qxd5 4.Nf3 Nf6 5.Na3 e6 6.Be2 Nc6 7.d4 cxd4 8.Nb5 Qd7 9.Nbxd4
Bd6 10.O-O O-O 11.Nb5 Bc5 12.Qxd7 Bxd7 13.Bf4 e5 14.Bg5 Ne4 15.Rad1 Bg4 16.Be3 Bxe3
17.fxe3 Rad8 18.Rxd8 Rxd8 19.Rd1 Rxd1+ 20.Bxd1 a6 21.Bc2 Bf5 22.Bxe4 Bxe4 23.Nd6 Bxf3
24.gxf3 Nd8 25.Kf2 Kf8 26.Ke2 Ke7 27.Nf5+ Kf6 28.Nd6 Ke7 29.Nf5+ Kf6 30.Nd6 Ke6 31.Ne4
h6 32.c4 f5 33.Nc5+ Kd6 34.b4 g5 35.a3 h5 36.h3 a5 37.Nb3 axb4 38.axb4 h4 39.Nc5 b6
40.Na4 Kc6 41.b5+ Kc7 42.c5 bxc5 43.Nxc5 Nf7 44.Ne6+ Kb6 45.Ng7 Nh6 46.f4 exf4 47.Nxf5
Nxf5 48.exf4 Kxb5 49.fxg5 Kc5 50.Kf3 Kd5 51.Kg4 Ke4 52.g6 Ng7 53.Kxh4 Kf4  1/2-1/2

[Event "1. Bundesliga 2017/2018"]
[Site "Maria Enzersdorf"]
[Date "2017.11.16"]
[Round "1"]
[Board "2"]
[White "Luther, Thomas"]
[Black "Nagy, Gabor"]
[Result "1/2-1/2"]
[WhiteElo "2524"]
[BlackElo "2481"]
[PlyCount "64"]
[EventDate "2017.11.16"]
[EventType "team"]
[EventRounds "11"]
[EventCountry "AUT"]
[WhiteTeam "Schachklub Absam"]
[BlackTeam "ASVOE Wulkaprodersdorf"]

1.e4 c5 2.Nf3 d6 3.Bb5+ Bd7 4.Bxd7+ Qxd7 5.O-O Nc6 6.c3 Nf6 7.Qe2 e6 8.d4 cxd4 9.cxd4
d5 10.e5 Ne4 11.Be3 Be7 12.Ne1 f6 13.exf6 Bxf6 14.Nd2 Nd6 15.Nb3 O-O 16.Rd1 Nf5 17.Nf3
Rae8 18.Bg5 Bxg5 19.Nxg5 e5 20.dxe5 Nxe5 21.Qd2 h6 22.Nh3 d4 23.Nxd4 Nxd4 24.Qxd4
Nf3+ 25.gxf3 Qxh3 26.Qg4 Qxf3 27.Qxf3 Rxf3 28.Rfe1 Rxe1+ 29.Rxe1 Rf7 30.Re8+ Rf8 31.Re7
Rf7 32.Re8+ Rf8  1/2-1/2

[Event "1. Bundesliga 2017/2018"]
[Site "Maria Enzersdorf"]
[Date "2017.11.16"]
[Round "1"]
[Board "3"]
[White "Yankelevich, Lev"]
[Black "Dizdar, Goran"]
[Result "1-0"]
[WhiteElo "2411"]
[BlackElo "2488"]
[PlyCount "127"]
[EventDate "2017.11.16"]
[EventType "team"]
[EventRounds "11"]
[EventCountry "AUT"]
[WhiteTeam "ASVOE Wulkaprodersdorf"]
[BlackTeam "Schachklub Absam"]

1. d4 e6 2. c4 Nf6 3. Nf3 Bb4+ 4. Bd2 c5 5. Bxb4 cxb4 6. a3 bxa3 7. Nxa3 O-O 8.
b4 a5 9. Nc2 b6 10. e3 Bb7 11. bxa5 bxa5 12. Bd3 d6 13. O-O Na6 14. Ra3 Nb4 15.
Be2 Be4 16. Nfe1 e5 17. f3 Bxc2 18. Nxc2 Re8 19. Nxb4 axb4 20. Rb3 Ra2 21. dxe5
Rxe5 22. f4 Re8 23. Bf3 Qb6 24. Qd4 Qc5 25. Rfb1 Rb8 26. Rd1 Ra3 27. Rdb1 Ra2
28. Rd1 Ra3 29. Rdb1 Rxb3 30. Rxb3 h6 31. Be2 Ra8 32. Bd3 Ra3 33. Bc2 Rxb3 34.
Bxb3 Qxd4 35. exd4 Ne4 36. Bc2 Nd2 37. Kf2 Nxc4 38. Ke2 Kf8 39. Kd3 Na5 40. Bd1
Ke7 41. g4 d5 42. g5 Kd6 43. Bh5 f6 44. gxh6 gxh6 45. Bd1 Nc6 46. Ba4 Ne7 47.
Bd1 Nf5 48. Ba4 Nh4 49. Ke3 Ke6 50. Bb3 Nf5+ 51. Kd3 Nd6 52. Ke3 Nc4+ 53. Kd3
Nb6 54. Ke3 Kf5 55. Kf3 Nc4 56. Bc2+ Ke6 57. Ke2 Na5 58. Kd2 Nb7 59. Bb3 Nd6
60. Ke3 Ne4 61. Ba4 Nc3 62. Bc2 Ne4 63. Ba4 Kd6 64. Bc2 {Flag!!}  1-0

[Event "1. Bundesliga 2017/2018"]
[Site "Maria Enzersdorf"]
[Date "2017.11.16"]
[Round "1"]
[Board "4"]
[White "Bayer, Bernhard"]
[Black "Mesaros, Florian"]
[Result "0-1"]
[WhiteElo "2425"]
[BlackElo "2424"]
[PlyCount "102"]
[EventDate "2017.11.16"]
[EventType "team"]
[EventRounds "11"]
[EventCountry "AUT"]
[WhiteTeam "Schachklub Absam"]
[BlackTeam "ASVOE Wulkaprodersdorf"]

1.Nf3 d5 2.d4 Nf6 3.b3 g6 4.Bb2 Bg7 5.e3 O-O 6.Bd3 c5 7.Nbd2 cxd4 8.exd4 Nc6 9.O-O
Nb4 10.Be2 Bf5 11.Ne1 Rc8 12.c3 Nc6 13.Nd3 Ne4 14.Nf3 Qd6 15.Nh4 Bd7 16.f4 b5 17.b4
e6 18.Nc5 Ne7 19.g3 Nf5 20.Nxf5 exf5 21.Qd3 Bc6 22.a4 bxa4 23.Nxa4 Rb8 24.Nc5 Rfe8
25.Qc2 Qe7 26.Bf3 Bb5 27.Rfe1 Qc7 28.Kg2 Bc4 29.Qa4 Re7 30.Qa5 Qd6 31.Rad1 Bf6 32.Qa1
Kg7 33.Ba3 Rb5 34.Qc1 h5 35.Qc2 Rc7 36.Bb2 Qb6 37.Ra1 Re7 38.Ra6 Qb8 39.Raa1 a5 40.Rxa5
Rxa5 41.bxa5 Nxc5 42.Rxe7 Bxe7 43.dxc5 Bxc5 44.h4 Qd8 45.Kh2 Kg8 46.Qa4 Qe7 47.Qa1
Qe3 48.Bg2 Qe2 49.Ba3 Bf2 50.Qb2 Qe3 51.Qb8+ Kh7  0-1

[Event "1. Bundesliga 2017/2018"]
[Site "Maria Enzersdorf"]
[Date "2017.11.16"]
[Round "1"]
[Board "5"]
[White "Volkmann, Friedrich Karl"]
[Black "Lehner, Oliver"]
[Result "1/2-1/2"]
[WhiteElo "2403"]
[BlackElo "2402"]
[PlyCount "80"]
[EventDate "2017.11.16"]
[EventType "team"]
[EventRounds "11"]
[EventCountry "AUT"]
[WhiteTeam "ASVOE Wulkaprodersdorf"]
[BlackTeam "Schachklub Absam"]

1.d4 d6 2.e4 Nf6 3.Nc3 g6 4.Be3 c6 5.Be2 Bg7 6.f4 O-O 7.Nf3 Qb6 8.Rb1 e5 9.fxe5 dxe5
10.Nxe5 Nxe4 11.Nc4 Nxc3 12.bxc3 Qd8 13.O-O Nd7 14.Nd6 Nb6 15.Nxc8 Qxc8 16.Bf2 Qe6
17.Qd3 Nd5 18.Bf3 b5 19.Rfe1 Qd7 20.c4 bxc4 21.Qxc4 Rab8 22.Rb3 Rb6 23.Qa4 Rfb8 24.c4
Rxb3 25.axb3 Nb4 26.Rd1 Rb7 27.h3 h5 28.Kf1 Qf5 29.d5 cxd5 30.cxd5 Nd3 31.d6 Rd7 32.Qe4
Qxe4 33.Bxe4 Nxf2 34.Kxf2 Bf8 35.Bc6 Rxd6 36.Rxd6 Bxd6 37.g4 h4 38.Kf3 f6 39.Be4 Kf7
40.Bd3 g5  1/2-1/2

[Event "1. Bundesliga 2017/2018"]
[Site "Maria Enzersdorf"]
[Date "2017.11.16"]
[Round "1"]
[Board "6"]
[White "Deglmann, Ludwig"]
[Black "Wallner, Joachim"]
[Result "1/2-1/2"]
[WhiteElo "2278"]
[BlackElo "2311"]
[PlyCount "61"]
[EventDate "2017.11.16"]
[EventType "team"]
[EventRounds "11"]
[EventCountry "AUT"]
[WhiteTeam "Schachklub Absam"]
[BlackTeam "ASVOE Wulkaprodersdorf"]

1.c4 Nf6 2.g3 e5 3.Bg2 d5 4.cxd5 Nxd5 5.Nf3 Nc6 6.O-O Nb6 7.Nc3 Be7 8.a4 a5 9.Nb5
O-O 10.d4 exd4 11.Bf4 Nd5 12.Nfxd4 Nxd4 13.Bxd5 Qxd5 14.Qxd4 Qxd4 15.Nxd4 c6 16.Rfd1
Rd8 17.Bc7 Rd7 18.Bf4 Bf6 19.Nf3 Rxd1+ 20.Rxd1 Be6 21.Be5 Bxe5 22.Nxe5 Bb3 23.Rd7
Rb8 24.Rc7 Bxa4 25.Nd7 Rd8 26.Nc5 Bb5 27.Nxb7 Rd1+ 28.Kg2 g6 29.Rc8+ Kg7 30.Nxa5 Bxe2
31.Nxc6  1/2-1/2

[Event "1. Bundesliga 2017/2018"]
[Site "Maria Enzersdorf"]
[Date "2017.11.16"]
[Round "1"]
[Board "1"]
[White "Lenic, Luka"]
[Black "Huschenbeth, Niclas"]
[Result "1/2-1/2"]
[WhiteElo "2653"]
[BlackElo "2560"]
[PlyCount "122"]
[EventDate "2017.11.16"]
[EventType "team"]
[EventRounds "11"]
[EventCountry "AUT"]
[WhiteTeam "SV Raika Rapid Feffernitz"]
[BlackTeam "Schachclub Sparkasse Goetzis"]

1.d4 d5 2.Nf3 Nf6 3.c4 dxc4 4.e3 Bg4 5.Bxc4 e6 6.Nc3 Be7 7.h3 Bh5 8.Qb3 Bxf3 9.gxf3
O-O 10.Qxb7 Nbd7 11.O-O c5 12.Rd1 cxd4 13.Rxd4 Rb8 14.Qa6 Qc7 15.Bf1 Ne5 16.Qe2 Bb4
17.Ne4 Nd5 18.f4 Ng6 19.Bd2 Be7 20.b3 Nh4 21.Rc1 Qb7 22.Ng3 f5 23.e4 Nf6 24.Rdc4 Qa8
25.Bc3 Rbd8 26.Bxf6 Bxf6 27.Bg2 Bd4 28.Rc6 Qb8 29.e5 Qb4 30.R1c4 Qe7 31.Rc7 Rd7 32.Rxd7
Qxd7 33.Bc6 Qd8 34.Qd2 Bb6 35.Qd6 Qxd6 36.exd6 Rd8 37.d7 Ng6 38.b4 Nf8 39.a4 a5 40.bxa5
Bxa5 41.Rc5 Bd2 42.a5 Nxd7 43.Rb5 Nb8 44.Bb7 Rd6 45.Bc8 Na6 46.Rb6 Rxb6 47.axb6 Nc5
48.Ne2 Ba5 49.b7 Bc7 50.Nd4 Kf7 51.Nc6 Na6 52.Kg2 Bxf4 53.Nd8+ Kf6 54.Nxe6 Bd6 55.f4
g6 56.Kf3 Ke7 57.h4 Nb8 58.h5 Nc6 59.h6 Nd8 60.Ng5 Nf7 61.Nxf7 Kxf7  1/2-1/2

[Event "1. Bundesliga 2017/2018"]
[Site "Maria Enzersdorf"]
[Date "2017.11.16"]
[Round "1"]
[Board "2"]
[White "Georgiadis, Nico"]
[Black "Danin, Alexandre"]
[Result "1-0"]
[WhiteElo "2534"]
[BlackElo "2540"]
[PlyCount "125"]
[EventDate "2017.11.16"]
[EventType "team"]
[EventRounds "11"]
[EventCountry "AUT"]
[WhiteTeam "Schachclub Sparkasse Goetzis"]
[BlackTeam "SV Raika Rapid Feffernitz"]

1.e4 e6 2.d4 d5 3.Nc3 Nf6 4.Bg5 Be7 5.e5 Nfd7 6.h4 c5 7.Bxe7 Kxe7 8.Nf3 cxd4 9.Qxd4
Nc6 10.Qf4 Qc7 11.O-O-O Ndxe5 12.Qg3 Kf8 13.h5 f6 14.Nh4 a6 15.f4 Nf7 16.Qf2 b5 17.g4
b4 18.Na4 Qa7 19.Nc5 Nd6 20.f5 Kf7 21.Bg2 Nb7 22.fxe6+ Bxe6 23.Rxd5 Rad8 24.Rxd8 Nxc5
25.Rd2 Ne5 26.Kb1 Nxg4 27.Qf4 Ne5 28.Nf5 Rb8 29.Rf1 Kg8 30.Bd5 Bxd5 31.Rxd5 Ne6 32.Qg3
Qc7 33.Rd6 Ng5 34.Qg2 h6 35.Qd5+ Kh7 36.Rd1 Rb5 37.Qd4 Qf7 38.Ng3 a5 39.Rd5 Rb7 40.Rxa5
Qe6 41.Qf4 Qe8 42.Rad5 Rb8 43.b3 Kh8 44.Qf5 Ngf7 45.Ne4 Qe7 46.Rc5 Qf8 47.Rc7 Ra8
48.Rd5 Re8 49.Kb2 Kg8 50.Rdc5 Nd6 51.Nxd6 Qxd6 52.Qe4 Qa6 53.Qxb4 Qe2 54.Qc3 Qxh5
55.Rc8 Kh7 56.Rxe8 Qxe8 57.a4 h5 58.a5 Qe6 59.Qb4 Qd6 60.Qb6 Qd2 61.Rc3 Ng6 62.a6
Nf4 63.Qe3  1-0

[Event "1. Bundesliga 2017/2018"]
[Site "Maria Enzersdorf"]
[Date "2017.11.16"]
[Round "1"]
[Board "3"]
[White "Diermair, Andreas"]
[Black "Krassowizkij, Jaroslaw"]
[Result "1/2-1/2"]
[WhiteElo "2514"]
[BlackElo "2442"]
[PlyCount "60"]
[EventDate "2017.11.16"]
[EventType "team"]
[EventRounds "11"]
[EventCountry "AUT"]
[WhiteTeam "SV Raika Rapid Feffernitz"]
[BlackTeam "Schachclub Sparkasse Goetzis"]

1.Nf3 Nf6 2.c4 c5 3.Nc3 Nc6 4.e3 e6 5.d4 d5 6.a3 cxd4 7.exd4 Be7 8.c5 Ne4 9.Bb5 Nxc3
10.bxc3 Bd7 11.O-O O-O 12.Bf4 b6 13.c4 bxc5 14.dxc5 a6 15.Ba4 dxc4 16.Rc1 e5 17.Bxe5
Nxe5 18.Nxe5 Bb5 19.Nd7 Qxd7 20.Qxd7 Bxd7 21.Bxd7 Bxc5 22.Rxc4 Bxa3 23.Bc6 Rfc8 24.Ra1
Be7 25.Bxa8 Rxc4 26.g3 Bf6 27.Rxa6 Rc1+ 28.Kg2 Ra1 29.Rxa1 Bxa1 30.Bd5 Kf8  1/2-1/2

[Event "1. Bundesliga 2017/2018"]
[Site "Maria Enzersdorf"]
[Date "2017.11.16"]
[Round "1"]
[Board "4"]
[White "Kvetny, Mark"]
[Black "Schreiner, Peter"]
[Result "1-0"]
[WhiteElo "2403"]
[BlackElo "2465"]
[PlyCount "55"]
[EventDate "2017.11.16"]
[EventType "team"]
[EventRounds "11"]
[EventCountry "AUT"]
[WhiteTeam "Schachclub Sparkasse Goetzis"]
[BlackTeam "SV Raika Rapid Feffernitz"]

1.c4 e5 2.g3 Nc6 3.Nc3 f5 4.Nf3 Nf6 5.d4 e4 6.Nh4 g6 7.Bg5 Bg7 8.Qd2 d6 9.O-O-O h6
10.Bxf6 Qxf6 11.Nd5 Qf7 12.Nxg6 Qxg6 13.Nxc7+ Kd8 14.Nxa8 b6 15.e3 Bb7 16.Nxb6 axb6
17.c5 Ke7 18.d5 bxc5 19.dxc6 Bxc6 20.Qa5 Bd7 21.Bb5 Rb8 22.a4 Qe6 23.Rd2 Qa2 24.Qc7
Qa1+ 25.Kc2 Qxb2+ 26.Kd1 Qb3+ 27.Ke2 Rxb5 28.Qxd6+  1-0

[Event "1. Bundesliga 2017/2018"]
[Site "Maria Enzersdorf"]
[Date "2017.11.16"]
[Round "1"]
[Board "5"]
[White "Sebenik, Matej"]
[Black "Matt, Fabian"]
[Result "1-0"]
[WhiteElo "2562"]
[BlackElo "2228"]
[PlyCount "79"]
[EventDate "2017.11.16"]
[EventType "team"]
[EventRounds "11"]
[EventCountry "AUT"]
[WhiteTeam "SV Raika Rapid Feffernitz"]
[BlackTeam "Schachclub Sparkasse Goetzis"]

1. Nf3 Nf6 2. c4 e6 3. Nc3 d5 4. d4 dxc4 5. e4 a6 6. e5 Nd5 7. Bg5 Be7 8. Bxe7
Qxe7 9. Bxc4 Nxc3 10. bxc3 O-O 11. Bd3 c5 12. O-O cxd4 13. cxd4 b5 14. a4 Bb7
15. Qe2 Rd8 16. Rfc1 Ra7 17. axb5 Bxf3 18. Qxf3 axb5 19. Rxa7 Qxa7 20. d5 Qd4
21. Qh3 Qxd5 22. Qxh7+ Kf8 23. Qh8+ Ke7 24. Qh4+ Ke8 25. Bf1 Qxe5 26. Qb4 Qd6
27. Bxb5+ Ke7 28. Qh4+ f6 29. Qh7 Kf7 30. Be2 Qf8 31. Bh5+ Ke7 32. Qb1 f5 33.
Rc7+ Nd7 34. Qb5 Qh8 35. Qb4+ Kf6 36. Qh4+ Ke5 37. Qg3+ Kf6 38. Qh4+ Ke5 39.
Rc6 g5 40. f4+ {Flag!!}  1-0

[Event "1. Bundesliga 2017/2018"]
[Site "Maria Enzersdorf"]
[Date "2017.11.16"]
[Round "1"]
[Board "6"]
[White "Anistratov, Dmitrij"]
[Black "Zorko, Jure"]
[Result "0-1"]
[WhiteElo "2291"]
[BlackElo "2462"]
[PlyCount "116"]
[EventDate "2017.11.16"]
[EventType "team"]
[EventRounds "11"]
[EventCountry "AUT"]
[WhiteTeam "Schachclub Sparkasse Goetzis"]
[BlackTeam "SV Raika Rapid Feffernitz"]

1.g3 d5 2.Bg2 e5 3.d3 Nc6 4.Nf3 Nf6 5.O-O Be7 6.e4 dxe4 7.dxe4 Qxd1 8.Rxd1 Nxe4 9.Nxe5
Nxe5 10.Bxe4 c6 11.Bf4 Ng4 12.h3 Nf6 13.Bg2 O-O 14.Nd2 Nd5 15.Be5 f6 16.c4 Nb4 17.Bc3
Rd8 18.a3 Nc2 19.Rac1 Nd4 20.Bxd4 Rxd4 21.Nb3 Rxd1+ 22.Rxd1 a5 23.Nd4 Kf7 24.g4 g6
25.Bf3 Ra6 26.Rd3 Rb6 27.Rb3 Rxb3 28.Nxb3 a4 29.Nd2 Bd6 30.Bd1 Be5 31.b3 axb3 32.Bxb3
Ke7 33.Kf1 Bd6 34.a4 Bf4 35.Ke2 h5 36.f3 f5 37.gxh5 gxh5 38.Nf1 h4 39.Kd3 Kd6 40.Ne3
Kc5 41.Bd1 Be6 42.Bc2 Bg3 43.Kc3 f4 44.Nf5 Bxc4 45.Bd3 Be1+ 46.Kc2 Be6 47.Kd1 Bg3
48.a5 Kb4 49.Nd6 Kxa5 50.Bf5 Bxf5 51.Nxf5 c5 52.Kd2 c4 53.Nd6 b5 54.Kc3 Ka4 55.Ne4
Be1+ 56.Kd4 Kb3 57.Nd6 c3 58.Ne4 Kb2  0-1

[Event "1. Bundesliga 2017/2018"]
[Site "Maria Enzersdorf"]
[Date "2017.11.17"]
[Round "2"]
[Board "2"]
[White "Georgiadis, Nico"]
[Black "Papp, Gabor"]
[Result "1/2-1/2"]
[WhiteElo "2534"]
[BlackElo "2614"]
[PlyCount "71"]
[EventDate "2017.11.16"]
[EventType "team"]
[EventRounds "11"]
[EventCountry "AUT"]
[WhiteTeam "Schachclub Sparkasse Goetzis"]
[BlackTeam "mpimmo Wien - SK Ottakring"]

1.d4 Nf6 2.c4 e6 3.g3 d5 4.Bg2 dxc4 5.Nf3 a6 6.O-O Nc6 7.e3 Rb8 8.Nfd2 Qd7 9.Nxc4
b5 10.Ne5 Nxe5 11.dxe5 Qxd1 12.Rxd1 Nd7 13.f4 f6 14.exf6 gxf6 15.b3 Bc5 16.Kf2 Bb7
17.Bxb7 Rxb7 18.Bb2 Rf8 19.Nd2 f5 20.Rac1 Bd6 21.e4 Ke7 22.exf5 Rxf5 23.Ne4 Rb6 24.b4
c5 25.Nxd6 Rxd6 26.Rxd6 Kxd6 27.bxc5+ Kc6 28.Ke3 Rd5 29.g4 a5 30.g5 e5 31.f5 e4 32.Kxe4
Nxc5+ 33.Ke3 Rxf5 34.h4 b4 35.Bd4 a4 36.Bxc5 1/2-1/2

[Event "1. Bundesliga 2017/2018"]
[Site "Maria Enzersdorf"]
[Date "2017.11.17"]
[Round "2"]
[Board "3"]
[White "Stohl, Igor"]
[Black "Krassowizkij, Jaroslaw"]
[Result "1/2-1/2"]
[WhiteElo "2497"]
[BlackElo "2442"]
[PlyCount "60"]
[EventDate "2017.11.16"]
[EventType "team"]
[EventRounds "11"]
[EventCountry "AUT"]
[WhiteTeam "mpimmo Wien - SK Ottakring"]
[BlackTeam "Schachclub Sparkasse Goetzis"]

1.Nf3 Nf6 2.c4 e6 3.g3 d5 4.d4 Bb4+ 5.Bd2 Bd6 6.Nc3 O-O 7.Bg5 c6 8.e4 dxe4 9.Nxe4
Bb4+ 10.Nc3 h6 11.Bd2 c5 12.a3 Bxc3 13.Bxc3 Ne4 14.Qc2 Nxc3 15.Qxc3 cxd4 16.Qxd4 Nc6
17.Qxd8 Rxd8 18.Rd1 Rxd1+ 19.Kxd1 e5 20.Be2 Be6 21.Kc1 e4 22.Nd2 Nd4 23.Re1 Rc8 24.Nxe4
Nxe2+ 25.Rxe2 Rxc4+ 26.Kd2 Kf8 27.Nc3 Ke7 28.Re4 Kd6 29.Rxc4 Bxc4 30.Ke3 Ke5 1/2-1/2

[Event "1. Bundesliga 2017/2018"]
[Site "Maria Enzersdorf"]
[Date "2017.11.17"]
[Round "2"]
[Board "4"]
[White "Kvetny, Mark"]
[Black "Fauland, Alexander"]
[Result "1-0"]
[WhiteElo "2403"]
[BlackElo "2419"]
[PlyCount "151"]
[EventDate "2017.11.16"]
[EventType "team"]
[EventRounds "11"]
[EventCountry "AUT"]
[WhiteTeam "Schachclub Sparkasse Goetzis"]
[BlackTeam "mpimmo Wien - SK Ottakring"]

1.c4 Nf6 2.Nc3 d6 3.d4 Nbd7 4.Nf3 c6 5.e4 e5 6.Be2 Be7 7.O-O O-O 8.Qc2 Re8 9.Rd1 exd4
10.Nxd4 Bf8 11.Bf4 Nc5 12.Bf3 Qb6 13.Nf5 Bxf5 14.exf5 Ncd7 15.Na4 Qc7 16.Rac1 Ne5
17.Be2 Rad8 18.h3 d5 19.cxd5 Nxd5 20.Bg3 Qa5 21.a3 Qc7 22.Nc5 Bxc5 23.Qxc5 Qb6 24.Qc2
Nd7 25.Bd6 N7f6 26.Bc5 Qc7 27.Bf3 b6 28.Bd4 c5 29.b4 cxd4 30.Qxc7 Nxc7 31.Rxc7 Kf8
32.Rxa7 Ne4 33.Rd3 Nc3 34.Kf1 Re5 35.g4 b5 36.Rc7 Na4 37.Rc2 Nb6 38.Rcd2 Nc4 39.Rd1
Ke7 40.Rxd4 Rxd4 41.Rxd4 Nxa3 42.Be4 Nc4 43.Bc6 Nd6 44.Rd3 g5 45.fxg6 fxg6 46.f4 Re6
47.Kf2 Rf6 48.Kf3 Nc4 49.Rd7+ Kf8 50.Rd8+ Ke7 51.Rd7+ Kf8 52.Rd8+ Ke7 53.Re8+ Kf7
54.Bxb5 Rb6 55.Bd7 Rxb4 56.Re2 Nd6 57.Be6+ Kf8 58.Bd5 Rd4 59.Be6 Ra4 60.Re3 Ra1 61.Bd5
Rd1 62.Bb3 Rf1+ 63.Kg3 Rb1 64.Bd5 Rd1 65.Bb3 Rb1 66.Kh4 Kg7 67.Re7+ Kf8 68.Re3 Kg7
69.Rd3 h6 70.Bc2 Rb2 71.Bb3 Rb1 72.Rc3 Rb2 73.Bc2 Rb6 74.Bb3 Ne4 75.Rc7+ Kf6 76.Rf7# 1-0

[Event "1. Bundesliga 2017/2018"]
[Site "Maria Enzersdorf"]
[Date "2017.11.17"]
[Round "2"]
[Board "5"]
[White "Blohberger, Felix"]
[Black "Matt, Fabian"]
[Result "1-0"]
[WhiteElo "2429"]
[BlackElo "2228"]
[PlyCount "63"]
[EventDate "2017.11.16"]
[EventType "team"]
[EventRounds "11"]
[EventCountry "AUT"]
[WhiteTeam "mpimmo Wien - SK Ottakring"]
[BlackTeam "Schachclub Sparkasse Goetzis"]

1.c4 Nf6 2.Nc3 c6 3.Nf3 d5 4.e3 e6 5.b3 Bd6 6.Bb2 O-O 7.Be2 Nbd7 8.Qc2 Re8 9.Rg1 e5
10.g4 d4 11.exd4 exd4 12.Nxd4 Bxh2 13.Rh1 Ne5 14.Rxh2 Nexg4 15.Nf3 Nxh2 16.Nxh2 Qd6
17.Nf1 Bg4 18.Ne3 Bxe2 19.Nxe2 Ne4 20.d3 Nc5 21.O-O-O Rad8 22.Kb1 f6 23.Nd4 Qh2 24.Ndf5
Rd7 25.b4 Ne6 26.d4 Ng5 27.d5 Qf4 28.Ka1 cxd5 29.cxd5 Qxb4 30.d6 Ne4 31.Nd5 Qc5 32.Nde7+ 1-0

[Event "1. Bundesliga 2017/2018"]
[Site "Maria Enzersdorf"]
[Date "2017.11.17"]
[Round "2"]
[Board "6"]
[White "Anistratov, Dmitrij"]
[Black "Steindl, Johannes"]
[Result "1/2-1/2"]
[WhiteElo "2291"]
[BlackElo "2185"]
[PlyCount "99"]
[EventDate "2017.11.16"]
[EventType "team"]
[EventRounds "11"]
[EventCountry "AUT"]
[WhiteTeam "Schachclub Sparkasse Goetzis"]
[BlackTeam "mpimmo Wien - SK Ottakring"]

1.Nf3 Nf6 2.g3 d5 3.Bg2 c5 4.O-O e6 5.d4 cxd4 6.Nxd4 e5 7.Nf3 Nc6 8.c4 d4 9.b4 Bxb4
10.Nxe5 Nxe5 11.Qa4+ Nc6 12.Bxc6+ bxc6 13.Qxb4 Qb6 14.Ba3 Qxb4 15.Bxb4 Be6 16.Nd2
Nd7 17.Ne4 a5 18.Ba3 Ne5 19.Nd6+ Kd7 20.Rfd1 d3 21.exd3 Bg4 22.Rdb1 Rhb8 23.Ne4 Rxb1+
24.Rxb1 Nxd3 25.Rb7+ Ke6 26.Re7+ Kf5 27.Nd6+ Kg6 28.Rxf7 Rb8 29.Rb7 Rf8 30.f4 Rf6
31.Rb3 Nc1 32.Rb2 Re6 33.Rd2 Ne2+ 34.Kg2 Nc3 35.Bc5 Ne4 36.Nxe4 Rxe4 37.Bd4 c5 38.Bxc5
Rxc4 39.Bd6 Bf5 40.Kf3 Rc3+ 41.Kg2 a4 42.a3 h5 43.Bb4 Rc2 44.Kf3 Rxd2 45.Bxd2 Kf7
46.Ke3 Ke6 47.Kd4 Bc2 48.Bc3 g6 49.Bb4 Kf5 50.Ke3 1/2-1/2

[Event "1. Bundesliga 2017/2018"]
[Site "Maria Enzersdorf"]
[Date "2017.11.17"]
[Round "2"]
[Board "1"]
[White "Sutovsky, Emil"]
[Black "Lenic, Luka"]
[Result "1/2-1/2"]
[WhiteElo "2644"]
[BlackElo "2653"]
[PlyCount "59"]
[EventDate "2017.11.16"]
[EventType "team"]
[EventRounds "11"]
[EventCountry "AUT"]
[WhiteTeam "Schachklub Absam"]
[BlackTeam "SV Raika Rapid Feffernitz"]

1.e4 c5 2.Nf3 Nc6 3.d4 cxd4 4.Nxd4 Nf6 5.Nc3 e5 6.Ndb5 d6 7.Bg5 a6 8.Na3 b5 9.Nd5
Be7 10.Bxf6 Bxf6 11.c3 O-O 12.Nc2 Bg5 13.h4 Bh6 14.g4 f6 15.Rh3 Ne7 16.Ncb4 Be6 17.Rd3
Nxd5 18.Nxd5 Kh8 19.Bh3 Bg8 20.a4 bxa4 21.Qxa4 a5 22.Rad1 Rb8 23.b3 Rf7 24.b4 axb4
25.Nxb4 Qc7 26.Qa6 Rb6 27.Qa8 Rb8 28.Qa6 Rb6 29.Qa8 Rb8 30.Qa6 1/2-1/2

[Event "1. Bundesliga 2017/2018"]
[Site "Maria Enzersdorf"]
[Date "2017.11.17"]
[Round "2"]
[Board "2"]
[White "Danin, Alexandre"]
[Black "Luther, Thomas"]
[Result "1/2-1/2"]
[WhiteElo "2540"]
[BlackElo "2524"]
[PlyCount "150"]
[EventDate "2017.11.16"]
[EventType "team"]
[EventRounds "11"]
[EventCountry "AUT"]
[WhiteTeam "SV Raika Rapid Feffernitz"]
[BlackTeam "Schachklub Absam"]

1.e4 e6 2.d4 d5 3.exd5 exd5 4.Nf3 Bd6 5.c4 c6 6.Nc3 Ne7 7.Bd3 dxc4 8.Bxc4 O-O 9.O-O
Nd7 10.Bg5 Nb6 11.Bb3 h6 12.Bxe7 Bxe7 13.Qd3 Bf6 14.Rfe1 c5 15.Bc2 g6 16.dxc5 Qxd3
17.Bxd3 Bxc3 18.bxc3 Na4 19.c6 bxc6 20.Bc4 Kg7 21.Ne5 c5 22.Bb3 Nxc3 23.Rac1 Nb5 24.Rxc5
a6 25.Rd1 f6 26.Nf3 Ra7 27.Rdc1 Bg4 28.a4 Nd6 29.Rc7+ Rxc7 30.Rxc7+ Kh8 31.Nh4 Bf5
32.Nxf5 Nxf5 33.Bc2 Rd8 34.h3 Rd6 35.Kf1 Kg8 36.Bxf5 gxf5 37.Rc5 f4 38.Ke2 Kf7 39.Ra5
Kg6 40.Kf3 Rd4 41.Rxa6 Rb4 42.Ra8 h5 43.Ra5 Rc4 44.Ra8 Rb4 45.h4 Kf5 46.Ra5+ Kg6 47.Ke2
Rb2+ 48.Kf3 Rb4 49.g3 fxg3 50.fxg3 Rb3+ 51.Kg2 Ra3 52.Ra8 Kg7 53.Kf2 Kh7 54.a5 Kg7
55.a6 Kh7 56.Ke2 Kg7 57.Ra7+ Kg6 58.Ra8 Kg7 59.Kf2 Kh7 60.a7 Kg7 61.Ke2 Ra2+ 62.Kd3
Ra3+ 63.Ke4 Ra1 64.Kd5 Rd1+ 65.Ke6 Re1+ 66.Kd5 Rd1+ 67.Kc4 Rc1+ 68.Kb3 Ra1 69.Kc2
Ra6 70.Kb1 Ra5 71.Kb2 Ra6 72.Kb3 Ra1 73.Kc4 Rc1+ 74.Kd5 Rd1+ 75.Ke6 Re1+ 1/2-1/2

[Event "1. Bundesliga 2017/2018"]
[Site "Maria Enzersdorf"]
[Date "2017.11.17"]
[Round "2"]
[Board "3"]
[White "Dizdar, Goran"]
[Black "Diermair, Andreas"]
[Result "0-1"]
[WhiteElo "2488"]
[BlackElo "2514"]
[PlyCount "61"]
[EventDate "2017.11.16"]
[EventType "team"]
[EventRounds "11"]
[EventCountry "AUT"]
[WhiteTeam "Schachklub Absam"]
[BlackTeam "SV Raika Rapid Feffernitz"]

1.c4 e6 2.Nf3 d5 3.e3 Nf6 4.d4 b6 5.cxd5 exd5 6.Bb5+ c6 7.Bd3 Bd6 8.O-O O-O 9.Nc3
Re8 10.b3 Bg4 11.Qc2 Bxf3 12.gxf3 c5 13.dxc5 bxc5 14.Rd1 Nbd7 15.Bf1 d4 16.exd4 cxd4
17.Rxd4 Be5 18.Rh4 Rc8 19.Bb2 g6 20.Bc4 Nh5 21.Rg4 Qf6 22.Kg2 Nf4+ 23.Kf1 Nb6 24.Ne4
Qf5 25.Re1 h5 26.Rg3 Nxc4 27.bxc4 Bxb2 28.Qxb2 Re6 29.Qd4 Rce8 30.Rd1 h4 31.Rg4 0-1